Hát nhà trò, nhà tơ ở xứ Nghệ
v.v...
Đã lưu trong:
| Tác giả chính: | |
|---|---|
| Định dạng: | Sách |
| Năm xuất bản: |
H.
Văn hóa thông tin
2011
|
| Chủ đề: | |
| Tags: |
Thêm thẻ
Không có thẻ, Hãy là người đầu tiên gắn thẻ bản ghi này!
|
| LEADER | 00603nam a2200181 4500 | ||
|---|---|---|---|
| 082 | |a 398.87 |b NG527NGH | ||
| 100 | |a Nguyễn Nghĩa Nguyễn | ||
| 245 | |a Hát nhà trò, nhà tơ ở xứ Nghệ |c Nguyễn Nghĩa Nguyễn | ||
| 260 | |a H. |b Văn hóa thông tin |c 2011 | ||
| 300 | |a 267tr. |c 21 cm | ||
| 520 | |a v.v... | ||
| 653 | |a Văn hoá dân gian | ||
| 653 | |a Bài Hát | ||
| 653 | |a Nghệ An | ||
| 653 | |a Hà Tĩnh | ||
| 942 | |2 ddc |c SH | ||
| 999 | |c 7916 |d 7916 | ||
| 952 | |0 0 |1 0 |2 ddc |4 0 |6 398_870000000000000_NG527NGH |7 0 |8 300 |9 68946 |a qbu |b qbu |c D2 |d 2015-03-27 |o 398.87 NG527NGH |p 7658.c1 |r 0000-00-00 |w 2015-03-27 |y SH | ||